International journal of e-collaboration: official journal of the Information Resources Management Association. (Record no. 38309)
[ view plain ]
| 000 -LEADER | |
|---|---|
| fixed length control field | 00533nam a2200145Ia 4500 |
| 022 ## - INTERNATIONAL STANDARD SERIAL NUMBER | |
| ISSN | 15483673 |
| 050 ## - CALL MARK | |
| Classification number | HD 58.87 .I56/ |
| 245 #0 - TITLE STATEMENT | |
| Title | International journal of e-collaboration: official journal of the Information Resources Management Association. |
| 260 ## - PUBLICATION, DISTRIBUTION, ETC. (IMPRINT) | |
| Year of publication | 2007 |
| 300 ## - PHYSICAL DESCRIPTION | |
| Number of Pages | v. , 75 p. : ill. ; 26 cm. |
| 650 ## - SUBJECT ADDED ENTRY--TOPICAL TERM | |
| Topical Term | Reengineering (management)--Periodicals. Virtual work teams--Periodicals. Organizational learning--Periodicals. |
| 942 ## - ADDED ENTRY ELEMENTS (KOHA) | |
| Koha item type | Serials |
No items available.